[Event "SRB-chT 1st League CS"]
[Site "Bajina Basta"]
[Date "2021.09.27"]
[Round "3.4"]
[White "Adzic, Momcilo"]
[Black "Zivkovic, Nemanja"]
[Result "0-1"]
[WhiteElo "2195"]
[BlackElo "2318"]
[PlyCount "130"]
[EventDate "2021.09.26"]
[EventType "team-tourn"]
[EventRounds "11"]
[EventCountry "SRB"]
[SourceTitle "EXT 2023"]
[Source "ChessBase"]
[SourceDate "2022.10.05"]
[SourceVersion "1"]
[SourceVersionDate "2022.10.05"]
[SourceQuality "1"]
[WhiteTeam "Kosovska Mitrovica"]
[BlackTeam "Nis Nais"]
[WhiteTeamCountry "SRB"]
[BlackTeamCountry "SRB"]

1. e4 c5 2. Nf3 d6 3. Bb5+ Bd7 4. Bxd7+ Qxd7 5. 0-0 Nc6 6. d4 cxd4 7. Nxd4 Nf6 8. Re1 g6 9. Nxc6 Qxc6 10. Nc3 Bg7 11. Nd5 e6 12. Nxf6+ Bxf6 13. c3 0-0 14. Bh6 Rfd8 15. Qf3 Be7 16. Rad1 b5 17. Rd3 a5 18. g3 Rab8 19. b3 Rbc8 20. h4 Rc7 21. Kg2 f6 22. Red1 Rcd7 23. Qe2 d5 24. exd5 Rxd5 25. Rxd5 Rxd5 26. Rxd5 Qxd5+ 27. Qf3 g5 28. hxg5 fxg5 29. Qxd5 exd5 30. g4 Kf7 31. f4 Kg6 32. fxg5 Bxg5 33. Bf8 Bd2 34. Bc5 Bxc3 35. Kf3 a4 36. bxa4 bxa4 37. Be7 Be5 38. Bc5 Kf7 39. Ke3 Ke6 40. Bb4 Kd7 41. Kd3 Kc6 42. Bf8 Kd7 43. Bb4 Ke6 44. Bd2 Bb2 45. Bf4 Kf6 46. Kc2 Be5 47. Bd2 Bd4 48. Kd3 Ke5 49. Bh6 Bg1 50. Bd2 d4 51. Bh6 Be3 52. Bxe3 dxe3 53. Kxe3 a3 54. Kf3 Kd4 55. Kf4 Kc3 56. Kg5 Kb2 57. Kh6 Kxa2 58. Kxh7 Kb3 59. g5 a2 60. g6 a1Q 61. g7 Qh1+ 62. Kg6 Qe4+ 63. Kf7 Qf5+ 64. Ke7 Qg6 65. Kf8 Qf6+ 0-1

[Event "SRB-chT 1st League CS"]
[Site "Bajina Basta"]
[Date "2021.09.27"]
[Round "2.4"]
[White "Novoselski, Zoran"]
[Black "Adzic, Momcilo"]
[Result "1-0"]
[WhiteElo "2324"]
[BlackElo "2195"]
[PlyCount "121"]
[EventDate "2021.09.26"]
[EventType "team-tourn"]
[EventRounds "11"]
[EventCountry "SRB"]
[SourceTitle "EXT 2023"]
[Source "ChessBase"]
[SourceDate "2022.10.05"]
[SourceVersion "1"]
[SourceVersionDate "2022.10.05"]
[SourceQuality "1"]
[WhiteTeam "Krupanj"]
[BlackTeam "Kosovska Mitrovica"]
[WhiteTeamCountry "SRB"]
[BlackTeamCountry "SRB"]

1. e4 c5 2. Nf3 Nc6 3. Nc3 e6 4. Bb5 Nge7 5. 0-0 a6 6. Bxc6 Nxc6 7. d4 cxd4 8. Nxd4 d6 9. Re1 Be7 10. Nxc6 bxc6 11. Qg4 g6 12. Bh6 e5 13. Qg3 Rg8 14. Bd2 Be6 15. Na4 f5 16. Qh3 Kf7 17. exf5 Bxf5 18. Qf3 Kg7 19. Qxc6 Bd7 20. Qe4 d5 21. Qxe5+ Bf6 22. Qf4 g5 23. Qb4 Rb8 24. Qa3 Bxa4 25. Qxa4 Rxb2 26. Be3 Qe8 27. Qxa6 Qb5 28. Qa7+ Qb7 29. Qxb7+ Rxb7 30. Rad1 Rb5 31. Bd4 Kf7 32. a4 Ra5 33. Bb6 Rxa4 34. Rxd5 Re8 35. Rd7+ Kg6 36. Kf1 Rc8 37. Rd2 Rc6 38. Rb1 Rac4 39. Be3 Rxc2 40. Rd5 R2c4 41. h3 Ra4 42. Ke2 Re6 43. Kf3 Rc4 44. Rbb5 h6 45. Rd7 Rec6 46. Rbb7 Be5 47. g4 Rf6+ 48. Ke2 Re6 49. Rd8 Rc7 50. Rg8+ Kf7 51. Rxc7+ Bxc7 52. Ra8 Be5 53. Kd3 Kf6 54. Ra7 Kg6 55. Rb7 Ra6 56. h4 Ra4 57. h5+ Kf6 58. f3 Ra3+ 59. Ke4 Ra4+ 60. Kd5 Ra6 61. Bc5 1-0

[Event "SRB-chT Central"]
[Site "Kragujevac"]
[Date "2018.09.15"]
[Round "2.2"]
[White "Adzic, Momcilo"]
[Black "Radivojevic, Ivan"]
[Result "0-1"]
[WhiteElo "2265"]
[BlackElo "2360"]
[PlyCount "40"]
[EventDate "2018.09.14"]
[EventType "team-tourn"]
[EventRounds "11"]
[EventCountry "SRB"]
[SourceTitle "CBM 186 Extra"]
[Source "ChessBase"]
[SourceDate "2018.08.24"]
[SourceVersion "1"]
[SourceVersionDate "2018.08.24"]
[SourceQuality "1"]
[WhiteTeam "Kosovska Mitrovica"]
[BlackTeam "Pozega"]
[WhiteTeamCountry "SRB"]
[BlackTeamCountry "SRB"]

1. e4 c6 2. d4 d5 3. exd5 cxd5 4. Bd3 Nc6 5. Nf3 Bg4 6. c3 Qc7 7. 0-0 e6 8. Nbd2 Bd6 9. h3 Bh5 10. Re1 Nf6 11. Qe2 0-0-0 12. Qf1 Rdg8 13. g4 Bg6 14. b4 Bxd3 15. Qxd3 g5 16. b5 Na5 17. Ne5 h5 18. Qf3 Rh6 19. Nf1 hxg4 20. hxg4 Nc4 0-1

[Event "SRB-chT 1st League"]
[Site "Banja Vrujci"]
[Date "2017.09.24"]
[Round "11.5"]
[White "Adzic, Momcilo"]
[Black "Radivojevic, Ivan"]
[Result "0-1"]
[WhiteElo "2250"]
[BlackElo "2356"]
[PlyCount "120"]
[EventDate "2017.09.16"]
[EventType "team"]
[EventRounds "11"]
[EventCountry "SRB"]
[SourceTitle "EXT 2018"]
[Source "ChessBase"]
[SourceDate "2017.10.13"]
[SourceVersion "1"]
[SourceVersionDate "2017.10.13"]
[SourceQuality "1"]
[WhiteTeam "Kosovska Mitrovica"]
[BlackTeam "Pozega"]
[WhiteTeamCountry "SRB"]
[BlackTeamCountry "SRB"]

1. e4 e5 2. Bc4 d6 3. Nf3 Be7 4. d3 Nf6 5. Nbd2 0-0 6. Nf1 c6 7. Ng3 d5 8. exd5 cxd5 9. Bb3 Nc6 10. 0-0 h6 11. c3 Re8 12. Nh4 Bf8 13. Nhf5 Be6 14. d4 Kh7 15. dxe5 Nxe5 16. Nd4 Bd7 17. Nh5 Nxh5 18. Bxd5 Nf6 19. Bxb7 Rb8 20. Ba6 Kg8 21. h3 Qb6 22. Be2 Rbd8 23. Qc2 Nd5 24. Rd1 Bc5 25. Bf1 Qf6 26. c4 Nf4 27. Be3 Bc8 28. Qc3 a5 29. Nc2 Bxe3 30. fxe3 Nfg6 31. Qxa5 Qg5 32. Kh1 Bf5 33. Nd4 Be4 34. Qe1 Nh4 35. Qf2 Neg6 36. b4 Rd6 37. Nf3 Qf6 38. Rxd6 Qxa1 39. Nxh4 Nxh4 40. Kh2 Nf5 41. Rd2 Qc3 42. b5 Nxe3 43. Rd7 f5 44. a4 Re6 45. Be2 Rg6 46. g3 Qa1 47. Qg1 Qa3 48. Qf2 Qc5 49. Qf4 Kh7 50. a5 Qa3 51. Qf2 Qc5 52. Qf4 Ng2 53. Qf1 Qe3 54. Bf3 Ne1 55. Bxe4 Qxg3+ 56. Kh1 fxe4 57. Rd2 Rf6 58. Qg1 Qxh3+ 59. Rh2 Qf3+ 60. Rg2 Nxg2 0-1

[Event "SRB-chT 1st League"]
[Site "Banja Vrujci"]
[Date "2017.09.23"]
[Round "10.2"]
[White "Adzic, Momcilo"]
[Black "Ilic, Dragan M"]
[Result "0-1"]
[WhiteElo "2250"]
[BlackElo "2311"]
[PlyCount "40"]
[EventDate "2017.09.16"]
[EventType "team"]
[EventRounds "11"]
[EventCountry "SRB"]
[SourceTitle "EXT 2018"]
[Source "ChessBase"]
[SourceDate "2017.10.13"]
[SourceVersion "1"]
[SourceVersionDate "2017.10.13"]
[SourceQuality "1"]
[WhiteTeam "Kosovska Mitrovica"]
[BlackTeam "Valjevo 2005"]
[WhiteTeamCountry "SRB"]
[BlackTeamCountry "SRB"]

1. e4 e6 2. d4 d5 3. Nd2 Nc6 4. Ngf3 Nf6 5. e5 Nd7 6. Bd3 f6 7. exf6 Qxf6 8. c3 Bd6 9. 0-0 0-0 10. Re1 Kh8 11. Qb3 Nb6 12. Qc2 e5 13. dxe5 Nxe5 14. Bxh7 Bg4 15. Re3 Nbc4 16. Nxc4 Nxc4 17. Bd3 Nxe3 18. Bxe3 Bxf3 19. gxf3 Qh4 20. Kg2 Qxh2+ 0-1

[Event "SRB-chT2 West"]
[Site "Kragujevac"]
[Date "2015.10.09"]
[Round "7.6"]
[White "Savic, Petar A"]
[Black "Adzic, Momcilo"]
[Result "0-1"]
[WhiteElo "2113"]
[BlackElo "2232"]
[PlyCount "130"]
[EventDate "2015.09.04"]
[EventType "team-tourn"]
[EventRounds "11"]
[EventCountry "SRB"]
[SourceTitle "EXT 2022"]
[Source "ChessBase"]
[SourceDate "2021.10.06"]
[SourceVersion "1"]
[SourceVersionDate "2021.10.06"]
[SourceQuality "1"]

1. e4 e5 2. Nf3 Nc6 3. Bc4 Bc5 4. 0-0 Nf6 5. Nc3 d6 6. h3 0-0 7. d3 h6 8. a3 a6 9. Ne2 d5 10. exd5 Nxd5 11. Ng3 Re8 12. Re1 Bb6 13. Bd2 Be6 14. Qc1 Qf6 15. Ne4 Qg6 16. Kf1 Rad8 17. Ba2 f5 18. Ng3 f4 19. Ne4 Nf6 20. Bxe6+ Rxe6 21. Bc3 Nd5 22. Bd2 Nde7 23. b4 Nf5 24. Bc3 Nfd4 25. Bxd4 Nxd4 26. Nxd4 Bxd4 27. Rb1 f3 28. g4 Rf8 29. c3 Bb6 30. Rd1 Rf4 31. Qc2 h5 32. g5 Qf5 33. Ke1 Rh4 34. Ng3 Qxg5 35. Qb3 Qg6 36. Qd5 Rxh3 37. Ne4 Kh8 38. Kd2 Rh2 39. Rh1 Rxh1 40. Rxh1 Qf5 41. Qd8+ Kh7 42. Ng5+ Kg6 43. Nxe6 Qxe6 44. Rg1+ Kh7 45. c4 Bxf2 46. Rh1 h4 47. Qxc7 e4 48. Qxb7 e3+ 49. Kc2 e2 50. Qxf3 e1Q 51. Rxe1 Bxe1 52. Qh5+ Kg8 53. a4 h3 54. b5 axb5 55. axb5 Bg3 56. b6 h2 57. Qf3 Qxb6 58. Qd5+ Kf8 59. c5 Qf6 60. c6 g6 61. Qg2 Kg7 62. Kb3 Bc7 63. Kc4 Qa1 64. Qh3 h1Q 65. Qd7+ Kh6 0-1

[Event "SRB-chT2 West"]
[Site "Kragujevac"]
[Date "2015.09.05"]
[Round "2.1"]
[White "Adzic, Momcilo"]
[Black "Novakovic, Miroslav"]
[Result "1-0"]
[WhiteElo "2232"]
[BlackElo "2052"]
[PlyCount "85"]
[EventDate "2015.09.04"]
[EventType "team-tourn"]
[EventRounds "11"]
[EventCountry "SRB"]
[SourceTitle "EXT 2022"]
[Source "ChessBase"]
[SourceDate "2021.10.06"]
[SourceVersion "1"]
[SourceVersionDate "2021.10.06"]
[SourceQuality "1"]

1. e4 d6 2. d4 Nf6 3. Nc3 g6 4. Be3 Bg7 5. f3 c6 6. Qd2 h5 7. Nge2 Nbd7 8. g3 b5 9. Bg2 Nb6 10. b3 Qc7 11. h3 a6 12. 0-0 Bb7 13. f4 b4 14. Nd1 c5 15. Nf2 Nfd7 16. a3 bxa3 17. Rxa3 cxd4 18. Nxd4 Nf6 19. f5 Nbd7 20. fxg6 Ne5 21. gxf7+ Kxf7 22. Nf5 Bf8 23. Nd3 Rg8 24. Qf2 Ke8 25. Bb6 Qc6 26. Nxe5 dxe5 27. Ra4 Qe6 28. Re1 Rc8 29. c4 Nd7 30. Be3 Qg6 31. Kh2 e6 32. Nh4 Qh7 33. Bf3 Nc5 34. Bxc5 Bxc5 35. Qe2 Rg5 36. b4 Bd4 37. c5 Rc7 38. Ra3 Rcg7 39. Rf1 Ke7 40. Rxa6 Bxa6 41. Qxa6 Rxg3 42. Qd6+ Kf6 43. Qf8+ 1-0

[Event "Gligoric Cup 3rd"]
[Site "Kraljevo"]
[Date "2015.05.18"]
[Round "3.4"]
[White "Adzic, Momcilo"]
[Black "Matovic, Petar"]
[Result "1-0"]
[WhiteElo "2236"]
[BlackElo "2203"]
[PlyCount "93"]
[EventDate "2015.05.16"]
[EventType "team-swiss"]
[EventRounds "7"]
[EventCountry "SRB"]
[SourceTitle "CBM 166 Extra"]
[Source "ChessBase"]
[SourceDate "2015.06.18"]
[SourceVersion "1"]
[SourceVersionDate "2015.06.18"]
[SourceQuality "1"]
[WhiteTeam "Kosovska Mitrovica"]
[BlackTeam "Cacak Borac"]
[WhiteTeamCountry "SRB"]
[BlackTeamCountry "SRB"]

1. e4 d5 2. exd5 Qxd5 3. Nc3 Qa5 4. d4 Nf6 5. Bc4 c6 6. Bb3 Bf5 7. Bd2 Qd8 8. Qf3 e6 9. Nge2 Be7 10. h3 Nd5 11. Ne4 a5 12. a3 Nd7 13. N4g3 Bg6 14. c4 N5f6 15. Nf4 0-0 16. Nxg6 hxg6 17. 0-0 c5 18. dxc5 Bxc5 19. Bc3 Qc7 20. Ne4 Nxe4 21. Qxe4 Nf6 22. Qf3 Nh5 23. Rfe1 Qf4 24. Qxf4 Nxf4 25. Rad1 b6 26. Bc2 Rfd8 27. Kf1 Nh5 28. Rxd8+ Rxd8 29. Rd1 Rxd1+ 30. Bxd1 Nf6 31. Bf3 Kf8 32. Bc6 Ke7 33. b4 axb4 34. axb4 Bd6 35. Ke2 g5 36. g3 g6 37. Kd1 g4 38. h4 Nd7 39. Kc2 Be5 40. Bxd7 Bxc3 41. Kxc3 Kxd7 42. Kd4 f6 43. Ke4 Kc6 44. Kf4 Kd6 45. Kxg4 Ke5 46. Kf3 Kd4 47. g4 1-0

[Event "SRB-chT2 West"]
[Site "Sabac"]
[Date "2014.09.26"]
[Round "2.8"]
[White "Bojicic, Andjela"]
[Black "Adzic, Momcilo"]
[Result "0-1"]
[WhiteElo "1811"]
[BlackElo "2253"]
[PlyCount "159"]
[EventDate "2014.09.25"]
[EventType "team-swiss"]
[EventRounds "6"]
[EventCountry "SRB"]
[SourceTitle "EXT 2015"]
[Source "ChessBase"]
[SourceDate "2014.11.20"]
[SourceVersion "1"]
[SourceVersionDate "2014.11.20"]
[SourceQuality "1"]

1. d4 d5 2. c4 e6 3. cxd5 exd5 4. Nc3 Nf6 5. Bg5 Be7 6. e3 Nbd7 7. Bd3 0-0 8. Nf3 c6 9. 0-0 Re8 10. Rb1 a5 11. a3 Nf8 12. h3 Ng6 13. b4 axb4 14. axb4 b5 15. Qb3 Be6 16. Ne2 Ra4 17. Bxf6 Bxf6 18. Qc3 Qd6 19. Rfc1 Bd7 20. Bc2 Ra6 21. Ra1 Rea8 22. Rxa6 Rxa6 23. Nd2 Be7 24. Rb1 Nf8 25. e4 g6 26. Nc1 Be8 27. Nd3 Nd7 28. Nc5 Ra7 29. Ra1 Qb8 30. Rxa7 Qxa7 31. exd5 cxd5 32. Nxd7 Bxd7 33. Nb3 Bd6 34. Nc5 Bc6 35. Bd3 Qe7 36. Qd2 Qf6 37. Be2 Qf4 38. Qxf4 Bxf4 39. Kf1 Bd2 40. Na6 Bc3 41. Nc7 Bxb4 42. Nxb5 Ba5 43. Bd3 Kf8 44. Ke2 Ke7 45. Na3 Bb4 46. Nc2 Bd6 47. Ke3 Kd7 48. g4 Be7 49. f4 h6 50. Kf3 Ke6 51. Ke3 Kf6 52. Ne1 Ba3 53. Kf3 Bb2 54. Ke3 Bc1+ 55. Kf3 Bd2 56. Nc2 Bd7 57. Be2 Ke6 58. Bd3 Kd6 59. Na3 Ba4 60. Nc2 Kc6 61. f5 g5 62. Ke2 Bc3 63. Ke3 f6 64. Na3 Kb6 65. Nb1 Bb4 66. Be2 Ka5 67. Bf3 Bb3 68. Nd2 Ba2 69. Kd3 Ka4 70. Bd1+ Ka3 71. Be2 Kb2 72. Bd1 Ka3 73. Be2 Bd6 74. Bd1 Bf4 75. Bf3 Kb4 76. Be2 Ka3 77. Bf3 Kb2 78. Bd1 Bc7 79. Ba4 Ba5 80. Bd1 0-1

[Event "SRB-chT2 West"]
[Site "Sabac"]
[Date "2014.09.25"]
[Round "1.3"]
[White "Adzic, Momcilo"]
[Black "Vuckovic, Danilo"]
[Result "1-0"]
[WhiteElo "2253"]
[BlackElo "1698"]
[PlyCount "73"]
[EventDate "2014.09.25"]
[EventType "team-swiss"]
[EventRounds "6"]
[EventCountry "SRB"]
[SourceTitle "EXT 2015"]
[Source "ChessBase"]
[SourceDate "2014.11.20"]
[SourceVersion "1"]
[SourceVersionDate "2014.11.20"]
[SourceQuality "1"]

1. e4 c5 2. Nf3 Nc6 3. d4 cxd4 4. Nxd4 g6 5. Nc3 Bg7 6. Be3 Nf6 7. Bc4 0-0 8. Bb3 d6 9. f3 Bd7 10. Qd2 a6 11. 0-0-0 b5 12. g4 h5 13. gxh5 Nxh5 14. Nce2 Qa5 15. c3 Rac8 16. Kb1 Ne5 17. Ng3 Nc4 18. Bxc4 bxc4 19. Nde2 Rb8 20. Bd4 Rb7 21. Nxh5 Qxh5 22. Bxg7 Kxg7 23. Qe3 Rfb8 24. Rd2 e5 25. Ka1 Be6 26. Ng3 Qh6 27. Qe2 Qf4 28. Rb1 Rb6 29. Nf1 a5 30. Ne3 a4 31. a3 Kg8 32. Nc2 Kg7 33. Nb4 Rd8 34. Rg1 Rh8 35. Rg3 Rh3 36. Rxh3 Bxh3 37. Nd5 1-0

[Event "Gligoric Cup 1st"]
[Site "Banja Koviljaca"]
[Date "2013.05.23"]
[Round "4.6"]
[White "Markovic, Dragan"]
[Black "Adzic, Momcilo"]
[Result "1/2-1/2"]
[WhiteElo "2238"]
[BlackElo "2266"]
[PlyCount "40"]
[EventDate "2013.05.20"]
[EventType "team-swiss"]
[EventRounds "7"]
[EventCountry "SRB"]
[SourceTitle "CBM 154 Extra"]
[Source "ChessBase"]
[SourceDate "2013.06.25"]
[SourceVersion "2"]
[SourceVersionDate "2013.06.25"]
[SourceQuality "1"]
[WhiteTeam "Loznica"]
[BlackTeam "Trepca"]
[WhiteTeamCountry "SRB"]
[BlackTeamCountry "SRB"]

1. e4 e5 2. Nf3 Nc6 3. d4 exd4 4. Nxd4 Nf6 5. Nc3 Be7 6. Be2 0-0 7. 0-0 d6 8. Be3 Bd7 9. f4 Nxd4 10. Bxd4 Bc6 11. Bf3 Nd7 12. Qd2 Bf6 13. Nd5 Bxd5 14. exd5 Re8 15. Rfe1 Bxd4+ 16. Qxd4 Qf6 17. Qxf6 Nxf6 18. Kf2 Kf8 19. Rad1 Rxe1 20. Rxe1 Re8 1/2-1/2

[Event "Gligoric Cup 1st"]
[Site "Banja Koviljaca"]
[Date "2013.05.22"]
[Round "3.4"]
[White "Adzic, Momcilo"]
[Black "Sredojevic, Ivan"]
[Result "0-1"]
[WhiteElo "2266"]
[BlackElo "2406"]
[PlyCount "60"]
[EventDate "2013.05.20"]
[EventType "team-swiss"]
[EventRounds "7"]
[EventCountry "SRB"]
[SourceTitle "CBM 154 Extra"]
[Source "ChessBase"]
[SourceDate "2013.06.25"]
[SourceVersion "2"]
[SourceVersionDate "2013.06.25"]
[SourceQuality "1"]
[WhiteTeam "Trepca"]
[BlackTeam "Gorni Milanovac"]
[WhiteTeamCountry "SRB"]
[BlackTeamCountry "SRB"]

1. e4 c5 2. c3 d5 3. exd5 Qxd5 4. Nf3 Nc6 5. d4 cxd4 6. cxd4 e5 7. Nc3 Bb4 8. Be3 Bg4 9. Be2 e4 10. Nd2 Bxc3 11. bxc3 Bxe2 12. Qxe2 f5 13. 0-0 Nf6 14. Rfb1 0-0 15. Qb5 b6 16. Bg5 Rac8 17. a4 Ne7 18. Rb3 Qd6 19. Nc4 Qe6 20. Ne3 f4 21. Bxf4 Nfd5 22. Nxd5 Nxd5 23. Bd2 Rxf2 24. Kxf2 e3+ 25. Ke1 exd2+ 26. Kxd2 Qe3+ 27. Kd1 Nxc3+ 28. Rxc3 Qxc3 29. Qd5+ Kh8 30. Ra2 Qd3+ 0-1

[Event "SRB-chT 1st League"]
[Site "Valjevo"]
[Date "2010.09.25"]
[Round "10"]
[White "Lapcevic, Milos"]
[Black "Adzic, Momcilo"]
[Result "1/2-1/2"]
[WhiteElo "2421"]
[BlackElo "2269"]
[PlyCount "149"]
[EventDate "2010.09.18"]
[EventType "team"]
[EventRounds "11"]
[EventCountry "SRB"]
[SourceTitle "CBM 138 Extra"]
[Source "ChessBase"]
[SourceDate "2010.10.29"]
[SourceVersion "1"]
[SourceVersionDate "2010.10.29"]
[SourceQuality "1"]

1. d4 d5 2. c4 e6 3. Nc3 Nf6 4. Bg5 Be7 5. e3 0-0 6. Nf3 c6 7. Qc2 Nbd7 8. Rd1 Re8 9. a3 a5 10. Bd3 h6 11. Bh4 dxc4 12. Bxc4 Nd5 13. Bxe7 Qxe7 14. 0-0 b6 15. Ba2 Nxc3 16. Qxc3 c5 17. d5 exd5 18. Bxd5 Rb8 19. Bc6 Rf8 20. e4 Nf6 21. e5 Ne8 22. Rfe1 Nc7 23. Qd3 Ne6 24. Qd6 Qa7 25. Be4 Bb7 26. Bxb7 Qxb7 27. Qd7 b5 28. Qxb7 Rxb7 29. Nd2 Rd8 30. Nb3 Rxd1 31. Rxd1 a4 32. Na5 Rc7 33. Rd5 c4 34. Rxb5 c3 35. bxc3 Rxc3 36. g3 g5 37. Rb4 Rxa3 38. Nc4 Ra1+ 39. Kg2 Nc5 40. Nd6 Nd3 41. Rb8+ Kg7 42. Kf3 Nxe5+ 43. Ke4 Nd7 44. Rd8 Re1+ 45. Kd5 Nf6+ 46. Kc4 Kg6 47. Ra8 Ne4 48. Nxe4 Rxe4+ 49. Kd3 Rb4 50. h3 h5 51. Ra6+ f6 52. Ra5 h4 53. Ke2 hxg3 54. fxg3 Rb3 55. Kf2 a3 56. Kg2 Kf7 57. Ra6 f5 58. Kf2 Kg7 59. Kg2 f4 60. gxf4 gxf4 61. h4 Rg3+ 62. Kf2 Rh3 63. Kg2 Rg3+ 64. Kf2 Rb3 65. Kg2 Kh7 66. Kf2 Rh3 67. Kg2 Rb3 68. Kf2 Rg3 69. h5 Kg7 70. Ra4 Rh3 71. Kg2 Rb3 72. Rxf4 Rb2+ 73. Kg3 Rb3+ 74. Kg2 Kh6 75. Rf5 1/2-1/2

[Event "SRB-chT 1st League"]
[Site "Valjevo"]
[Date "2010.09.22"]
[Round "7"]
[White "Adzic, Momcilo"]
[Black "Djokic, Nebojsa"]
[Result "1/2-1/2"]
[WhiteElo "2269"]
[BlackElo "2232"]
[PlyCount "140"]
[EventDate "2010.09.18"]
[EventType "team"]
[EventRounds "11"]
[EventCountry "SRB"]
[SourceTitle "CBM 138 Extra"]
[Source "ChessBase"]
[SourceDate "2010.10.29"]
[SourceVersion "1"]
[SourceVersionDate "2010.10.29"]
[SourceQuality "1"]

1. e4 c5 2. Nf3 Nc6 3. Bb5 g6 4. 0-0 Bg7 5. Re1 Nf6 6. c3 0-0 7. e5 Ne8 8. d4 cxd4 9. cxd4 Nc7 10. Ba4 d5 11. Nc3 Na5 12. Bc2 b5 13. b3 Bg4 14. h3 Bd7 15. a3 Qb8 16. Ne2 Qb6 17. Bg5 f6 18. Be3 f5 19. Qd2 Nc6 20. Rec1 Nd8 21. Bd3 Nce6 22. g3 Nc6 23. Kg2 Na5 24. Bc2 Rac8 25. Bd1 Rxc1 26. Rxc1 Rc8 27. Rxc8+ Bxc8 28. Ng5 Nd8 29. h4 Bf8 30. Qc3 Bd7 31. Bd2 Ndb7 32. Nf3 e6 33. Qc1 Nd8 34. h5 Nf7 35. hxg6 hxg6 36. Qc3 b4 37. axb4 Nc6 38. Qa1 Nxb4 39. Nc3 Be7 40. Na4 Qa6 41. Qc3 Bxa4 42. bxa4 Qc6 43. Qxc6 Nxc6 44. Be2 a5 45. Bb5 Nfd8 46. Kf1 Bb4 47. Be3 Kf7 48. Ke2 Na7 49. Ba6 Be7 50. Bd2 Ndc6 51. Kd1 Ke8 52. Kc1 Kd7 53. Kb2 Kc7 54. Kb3 Kb6 55. Be2 Nd8 56. Be3 Nac6 57. Bb5 Nf7 58. Bd2 Bd8 59. Bc3 g5 60. Ne1 Kb7 61. Kc2 Bb6 62. Kd3 Nh6 63. f3 g4 64. f4 Ng8 65. Nc2 Nge7 66. Na1 Nd8 67. Bd7 Kc7 68. Be8 Ndc6 69. Nb3 Kd8 70. Bxc6 Nxc6 1/2-1/2

[Event "SRB-chT 1st League"]
[Site "Valjevo"]
[Date "2010.09.22"]
[Round "6"]
[White "Stankovic, Milos"]
[Black "Adzic, Momcilo"]
[Result "1-0"]
[WhiteElo "2331"]
[BlackElo "2269"]
[PlyCount "111"]
[EventDate "2010.09.18"]
[EventType "team"]
[EventRounds "11"]
[EventCountry "SRB"]
[SourceTitle "CBM 138 Extra"]
[Source "ChessBase"]
[SourceDate "2010.10.29"]
[SourceVersion "1"]
[SourceVersionDate "2010.10.29"]
[SourceQuality "1"]

1. e4 e5 2. Nf3 Nc6 3. Bb5 d6 4. d4 Bd7 5. Nc3 exd4 6. Nxd4 Nf6 7. Nxc6 bxc6 8. Bc4 Be7 9. 0-0 0-0 10. Bf4 Ng4 11. h3 Ne5 12. Bb3 Bf6 13. Be3 Be6 14. Qe2 Nd7 15. Bxe6 fxe6 16. Qc4 Qe7 17. Qxc6 Ne5 18. Qa6 Rfb8 19. Rab1 c5 20. Rfd1 Nf7 21. Na4 Rb4 22. c3 Rb7 23. Bf4 Rd8 24. b3 Rbd7 25. Qe2 Ne5 26. Rd2 g5 27. Bg3 Kh8 28. Rbd1 Rc8 29. Nb2 Rc6 30. Nc4 Nxc4 31. Qxc4 e5 32. b4 Rdc7 33. b5 Rb6 34. a4 a6 35. Rb2 axb5 36. axb5 Rcb7 37. Qe2 Ra7 38. c4 Qf7 39. Ra2 Rab7 40. Ra4 h5 41. f3 Qe6 42. Be1 Rg7 43. Ra8+ Kh7 44. g4 hxg4 45. hxg4 Kg6 46. Rda1 Rbb7 47. R1a6 Rh7 48. Qd3 Rh3 49. Rxd6 Rbh7 50. Bc3 Rh1+ 51. Kf2 R1h2+ 52. Ke3 Qe7 53. Qd5 Rc2 54. Bxe5 Rhh2 55. Qg8+ Kh6 56. Qh8+ 1-0

[Event "SRB-chT 1st League"]
[Site "Valjevo"]
[Date "2010.09.21"]
[Round "5"]
[White "Brankovic, Dejan"]
[Black "Adzic, Momcilo"]
[Result "1/2-1/2"]
[WhiteElo "2352"]
[BlackElo "2269"]
[PlyCount "24"]
[EventDate "2010.09.18"]
[EventType "team"]
[EventRounds "11"]
[EventCountry "SRB"]
[SourceTitle "CBM 138 Extra"]
[Source "ChessBase"]
[SourceDate "2010.10.29"]
[SourceVersion "1"]
[SourceVersionDate "2010.10.29"]
[SourceQuality "1"]

1. e4 e5 2. Nf3 Nc6 3. c3 Nf6 4. d4 Nxe4 5. d5 Nb8 6. Qe2 Nf6 7. Nxe5 Be7 8. d6 cxd6 9. Nf3 0-0 10. Be3 Nc6 11. Na3 d5 12. Nb5 Re8 1/2-1/2

[Event "SRB-chT 1st League"]
[Site "Valjevo"]
[Date "2010.09.20"]
[Round "4"]
[White "Adzic, Momcilo"]
[Black "Vratonjic, Slobodan"]
[Result "1-0"]
[WhiteElo "2269"]
[BlackElo "2404"]
[PlyCount "73"]
[EventDate "2010.09.18"]
[EventType "team"]
[EventRounds "11"]
[EventCountry "SRB"]
[SourceTitle "CBM 138 Extra"]
[Source "ChessBase"]
[SourceDate "2010.10.29"]
[SourceVersion "1"]
[SourceVersionDate "2010.10.29"]
[SourceQuality "1"]

1. e4 c5 2. Nc3 e6 3. g3 d5 4. Bg2 Nf6 5. d3 dxe4 6. Nxe4 Nxe4 7. Bxe4 Nd7 8. Ne2 Nf6 9. Bg2 Bd6 10. 0-0 0-0 11. Nc3 h6 12. Be3 Bd7 13. d4 Qc7 14. dxc5 Bxc5 15. Bxc5 Qxc5 16. Ne4 Nxe4 17. Qxd7 Nf6 18. Qa4 b5 19. Qb3 Rac8 20. c3 a5 21. a4 Rb8 22. axb5 Rxb5 23. Qc2 Rfb8 24. Ra2 Qb6 25. Rb1 Rd8 26. b4 axb4 27. Rab2 Rc8 28. Bf1 Rxc3 29. Qd2 Rbc5 30. Rxb4 Qc7 31. Rb8+ Kh7 32. R1b7 Qe5 33. Rxf7 Qf5 34. Rbb7 Qg6 35. Qd8 Nd5 36. Rf8 Qe4 37. Qe8 1-0

[Event "SRB-chT 1st League"]
[Site "Valjevo"]
[Date "2010.09.19"]
[Round "2"]
[White "Adzic, Momcilo"]
[Black "Radivojevic, Ivan"]
[Result "1/2-1/2"]
[WhiteElo "2269"]
[BlackElo "2361"]
[PlyCount "44"]
[EventDate "2010.09.18"]
[EventType "team"]
[EventRounds "11"]
[EventCountry "SRB"]
[SourceTitle "CBM 138 Extra"]
[Source "ChessBase"]
[SourceDate "2010.10.29"]
[SourceVersion "1"]
[SourceVersionDate "2010.10.29"]
[SourceQuality "1"]

1. e4 c6 2. d4 d5 3. Nc3 dxe4 4. Nxe4 Nd7 5. Nf3 Ngf6 6. Nxf6+ Nxf6 7. Bc4 Bf5 8. 0-0 e6 9. Re1 Be7 10. c3 0-0 11. Bg5 Nd7 12. Bxe7 Qxe7 13. Ne5 Rad8 14. Qf3 Nb6 15. Bb3 c5 16. Nc4 Qc7 17. Nxb6 axb6 18. dxc5 bxc5 19. Bc4 Rd2 20. Re2 Rxe2 21. Qxe2 Rd8 22. Rd1 Kf8 1/2-1/2

[Event "SRB-chT Cup"]
[Site "Kragujevac"]
[Date "2010.05.19"]
[Round "2"]
[White "Nedeljkovic, Dragan"]
[Black "Adzic, Momcilo"]
[Result "1/2-1/2"]
[WhiteElo "2141"]
[BlackElo "2269"]
[PlyCount "37"]
[EventDate "2010.05.18"]
[EventType "team-tourn"]
[EventRounds "7"]
[EventCountry "YUG"]
[SourceTitle "CBM 136 Extra"]
[Source "ChessBase"]
[SourceDate "2010.07.02"]
[SourceVersion "2"]
[SourceVersionDate "2010.07.15"]
[SourceQuality "1"]

1. e4 e5 2. Nf3 Nc6 3. Bb5 a6 4. Bxc6 dxc6 5. 0-0 Bg4 6. h3 Bxf3 7. Qxf3 Qf6 8. Qg3 Bd6 9. d3 Qg6 10. Qxg6 hxg6 11. Nd2 Ne7 12. Nf3 0-0 13. d4 exd4 14. Nxd4 Rad8 15. Bg5 Rfe8 16. Rad1 c5 17. Nf3 f6 18. e5 Bxe5 19. Nxe5 1/2-1/2